| 000 | 02627cam a22005894i 4500 | ||
|---|---|---|---|
| 003 | PE-LiUPU | ||
| 005 | 20250731175625.0 | ||
| 008 | 170112s2016 is ab rb 001 0 eng d | ||
| 020 | _a9652208841 | ||
| 020 | _a9789652208842 | ||
| 035 | _a(Sirsi) i9789652208842 | ||
| 035 |
_a(OCoLC)972489493 _z(OCoLC)979927695 _z(OCoLC)980168155 _z(OCoLC)980483415 _z(OCoLC)980648638 _z(OCoLC)980939345 _z(OCoLC)981130553 _z(OCoLC)991075077 |
||
| 040 |
_aWEINB _bspa _erda _cWEINB _dVLB _dYDX _dOCLCF _dCGU _dOCL _dPTS _dDTM _dDHA _dPE-LiUPU |
||
| 049 | _aPRUA | ||
| 050 | 4 |
_aZ115.4 _b.P48 2016 |
|
| 082 |
_a411.7 _bP48 _223 |
||
| 100 | 1 |
_aPetrovich, Douglas, _eautor. |
|
| 245 | 1 | 4 |
_aThe world's oldest alphabet : _bHebrew as the language of the Proto-consonantal script / _cDouglas Petrovich ; Sarah K. Doherty; Eugene H. Merrill. |
| 264 | 1 |
_aJerusalem : _bCarta Jerusalem, _c2016. |
|
| 300 |
_axvi, 262 páginas : _bilustraciones ; _c24 centímetros |
||
| 336 |
_atext _2rdacontent |
||
| 337 |
_aunmediated _2rdamedia |
||
| 338 |
_avolume _2rdacarrier |
||
| 504 | _aBibliografía : páginas [238]-256. | ||
| 504 | _aÍndice : páginas 257-262. | ||
| 505 | _aBackground matters to the proto-consonantal inscriptions -- The Inscriptions of the period of Egypt's middle kingdom -- The inscriptions of the period of Egypt's new kingdom turquoise mines at serabit el-Khadim -- Concluding Thoughts. | ||
| 526 | _aP145 | ||
| 526 | _aP127 | ||
| 526 | _aP97 | ||
| 526 | _aP35 | ||
| 526 | _aP14 | ||
| 526 | _aP07 | ||
| 650 | 4 |
_aAlfabeto _xHistoria. |
|
| 650 | 4 | _aInscripciones, Proto-Sinaitic. | |
| 650 | 4 | _aInscripciones, semíticas. | |
| 650 | 4 | _aPaleografía, hebreo | |
| 650 | 7 |
_aAlphabet. _2fast _0(OCoLC)fst00805945 |
|
| 650 | 7 |
_aInscriptions, Proto-Sinaitic. _2fast _0(OCoLC)fst00973944 |
|
| 650 | 7 |
_aInscriptions, Semitic. _2fast _0(OCoLC)fst00973955 |
|
| 650 | 7 |
_aPaleography, Hebrew. _2fast _0(OCoLC)fst01051457 |
|
| 655 | 7 |
_aHistory. _2fast _0(OCoLC)fst01411628 |
|
| 700 | 1 |
_aDoherty, Sarah K., _ecolaboradora. |
|
| 700 | 1 |
_aMerrill, Eugene H., _eIntroducción. |
|
| 752 |
_aIsrael _dJerusalén. |
||
| 910 |
_adbm _bebj _cebj _d20171218 |
||
| 942 |
_2ddc _cBOOK |
||
| 949 |
_a411.7 P48 _wDEWEY _c1 _i77578 _lCATALOGING _mBUL _p42.00 _r0 _sY _tBOOK _u2017-12-18 _xPOSGRADO _PP85 _0DONACION _o.STAFF. Colección Teología. |
||
| 994 |
_aC0 _bPEPRU |
||
| 596 | _a1 | ||
| 999 |
_a411.7 P48 _wDEWEY _c26251 _i77578 _f2021-11-8 _g4 _lCCODEBUL1 _mBUL _p42.00 _r0 _sY _tBOOK _u2017-12-18 _xEDUCACION _PP85 _0COMPRA _o.STAFF. Colección Teología. _d26251 |
||
| 980 |
_81 _gALBERTO SANCHEZ Responsable de Automatización |
||